Environmental status and policy in India / (Record no. 74770)

MARC details
000 -LEADER
fixed length control field 00964nam a22002777a 4500
005 - DATE AND TIME OF LATEST TRANSACTION
control field 20130422121702.0
008 - FIXED-LENGTH DATA ELEMENTS--GENERAL INFORMATION
fixed length control field 130422b xxu||||| |||| 00| 0 eng d
010 ## - LCCN (DPL NO)
LC control number ENG-106952
020 ## - INTERNATIONAL STANDARD BOOK NUMBER
International Standard Book Number 9788177082708
Terms of availability 1270.00
035 ## - SYSTEM CONTROL NUMBER
System control number EN-90485
037 ## - SOURCE OF ACQUISITION
Source of stock number/acquisition DBAD/PUB
040 ## - CATALOGING SOURCE
Original cataloging agency DPL
Language of cataloging ENG
082 ## - DEWEY DECIMAL CLASSIFICATION NUMBER
Classification number 363.700954
100 1# - MAIN ENTRY--PERSONAL NAME
Personal name Ganesamurthy, V.S.
245 10 - TITLE STATEMENT
Title Environmental status and policy in India /
Statement of responsibility, etc by V.S. Ganesamurthy
260 ## - PUBLICATION, DISTRIBUTION, ETC. (IMPRINT)
Place of publication, distribution, etc New Delhi
Name of publisher, distributor, etc New Century Publications
Date of publication, distribution, etc 2011
270 ## - ADDRESS
Address 4800/24, Bharat Ram Road, Ansari Road, Darya Ganj
City New Delhi
Postal code 2011
300 ## - PHYSICAL DESCRIPTION
Extent xxxiv, 279p.
Dimensions 25cm(Hb)
500 ## - GENERAL NOTE
General note Includes bibliographical references and index.
650 #0 - SUBJECT ADDED ENTRY--TOPICAL TERM
Topical term or geographic name as entry element Environmental degradation
Geographic subdivision India.
650 #0 - SUBJECT ADDED ENTRY--TOPICAL TERM
Topical term or geographic name as entry element Environmental protection
Geographic subdivision India.
650 #0 - SUBJECT ADDED ENTRY--TOPICAL TERM
Topical term or geographic name as entry element Environmental policy
Geographic subdivision India.
650 #0 - SUBJECT ADDED ENTRY--TOPICAL TERM
Topical term or geographic name as entry element Environmental law
Geographic subdivision India.
651 #0 - SUBJECT ADDED ENTRY--GEOGRAPHIC NAME
Geographic name India
General subdivision Environmental conditions.
942 ## - ADDED ENTRY ELEMENTS (KOHA)
Source of classification or shelving scheme Dewey Decimal Classification
Item type English Books
Classification part 363.700954
Call number suffix GAN
Holdings
Withdrawn status Lost status Source of classification or shelving scheme Damaged status Not for loan Collection code Home library Current library Date acquired Source of acquisition Cost, normal purchase price Total Checkouts Full call number Barcode Date last seen Copy number Cost, replacement price Koha item type
    Dewey Decimal Classification   Not For Loan Non-fiction D.B.Act.Division D.B.Act.Division 22/04/2013 DBAD/PUB 1270.00   363.700954 GAN EN-90485 22/04/2013 1 1270.00 English Books

© Delhi Public Library
Hit Counter
free hit counter